000 00321nam a2200133Ia 4500
008 230817s1988 xx 000 0 und d
041 _aeng
082 _a615.119/GUP
100 _a"Gupta S, R. "
245 _aHand Book of Medicin
260 _bS.CHAND
_c1988
300 _a744
650 _aPHARMACOLOGY AND TOXICOLOGY
999 _c822888
_d822888